[Event "Niederoesterreich Landesliga 0708"]
[Site "Austria"]
[Date "2007.10.14"]
[Round "3"]
[White "Goetz, Alexander"]
[Black "Lampl, Gerald"]
[Result "0-1"]
[WhiteElo "2163"]
[BlackElo "2094"]
[PlyCount "92"]
[EventDate "2007.09.16"]
[EventType "team-tourn"]
[EventRounds "13"]
[EventCountry "AUT"]
[SourceTitle "EXT 2022"]
[Source "ChessBase"]
[SourceDate "2021.10.06"]
[SourceVersion "1"]
[SourceVersionDate "2021.10.06"]
[SourceQuality "1"]

1. c4 Nf6 2. g3 g6 3. Bg2 Bg7 4. Nc3 d6 5. d3 0-0 6. Bg5 Nc6 7. Qd2 Bd7 8. e4 Qc8 9. Nge2 a6 10. 0-0 Nh5 11. f3 Bh3 12. Rab1 Bxg2 13. Kxg2 f5 14. b4 e6 15. exf5 exf5 16. d4 Qd7 17. a4 a5 18. b5 Nb4 19. d5 Rae8 20. Nd4 Bxd4 21. Qxd4 Re5 22. Qd2 Rfe8 23. Rf2 Qg7 24. Re2 Rxe2+ 25. Nxe2 h6 26. Bxh6 Rxe2+ 27. Qxe2 Qxh6 28. Qe8+ Kh7 29. Re1 Qd2+ 30. Re2 Qd4 31. Qf7+ Ng7 32. Qxc7 Qd1 33. Qe7 Nd3 34. Qe3 f4 35. Qd2 Qb3 36. gxf4 Qxc4 37. Re4 Qxd5 38. Re7 Nb4 39. Qc3 Qa2+ 40. Kg3 Qg8 41. Rxb7 Kh6 42. f5 Nxf5+ 43. Kg4 Nd5 44. Qc1+ Nde3+ 45. Kh3 Qd8 46. Qe1 Qg5 0-1

[Event "AUT-chT2O 0607"]
[Site "Austria"]
[Date "2007.04.14"]
[Round "10.6"]
[White "Mlynek, Petr"]
[Black "Goetz, Alexander"]
[Result "1-0"]
[WhiteElo "2149"]
[BlackElo "2172"]
[PlyCount "57"]
[EventDate "2006.10.06"]
[EventType "team-tourn"]
[EventRounds "11"]
[EventCountry "AUT"]
[SourceTitle "EXT 2007"]
[Source "ChessBase"]
[SourceDate "2006.11.23"]
[SourceVersion "1"]
[SourceVersionDate "2006.11.23"]
[SourceQuality "1"]
[WhiteTeam "Zwettl"]
[BlackTeam "Wieden Aljechin"]
[WhiteTeamCountry "AUT"]
[BlackTeamCountry "AUT"]

1. d4 Nf6 2. c4 c5 3. Nf3 g6 4. g3 Bg7 5. Bg2 0-0 6. 0-0 d6 7. Nc3 Nc6 8. d5 Na5 9. Qd3 a6 10. Bd2 b5 11. cxb5 axb5 12. Qxb5 Ba6 13. Qa4 Bc4 14. Rfd1 Nd7 15. Qc2 Nb6 16. Rab1 Bxc3 17. Bxc3 Bxa2 18. Ra1 Bb3 19. Qd2 Nxd5 20. Qh6 Nf6 21. Ng5 e5 22. Bxe5 dxe5 23. Rxd8 Raxd8 24. Rxa5 Rd1+ 25. Bf1 Rfd8 26. Ra6 R1d6 27. Rxd6 Rxd6 28. e4 Rd2 29. Ne6 1-0

[Event "AUT-chT2O 0607"]
[Site "Austria"]
[Date "2007.01.21"]
[Round "7.5"]
[White "Kocsisek, Marcus"]
[Black "Goetz, Alexander"]
[Result "1/2-1/2"]
[WhiteElo "2216"]
[BlackElo "2172"]
[PlyCount "40"]
[EventDate "2006.10.06"]
[EventType "team-tourn"]
[EventRounds "11"]
[EventCountry "AUT"]
[SourceTitle "EXT 2007"]
[Source "ChessBase"]
[SourceDate "2006.11.23"]
[SourceVersion "1"]
[SourceVersionDate "2006.11.23"]
[SourceQuality "1"]
[WhiteTeam "Lackenbach"]
[BlackTeam "Wieden Aljechin"]
[WhiteTeamCountry "AUT"]
[BlackTeamCountry "AUT"]

1. d4 Nf6 2. Nf3 g6 3. e3 Bg7 4. Bd3 0-0 5. 0-0 d6 6. b3 Nbd7 7. Bb2 e5 8. Nbd2 Re8 9. dxe5 dxe5 10. e4 b6 11. Qe2 Bb7 12. Rad1 Nh5 13. g3 Qe7 14. Bb5 c6 15. Ba6 Bxa6 16. Qxa6 Nc5 17. Qe2 Rad8 18. Ba3 Bf8 19. Nc4 f6 20. Ne3 Qe6 1/2-1/2

[Event "AUT-chT2O 0607"]
[Site "Austria"]
[Date "2006.10.08"]
[Round "3.4"]
[White "Goetz, Alexander"]
[Black "Sadilek, Maximilian"]
[Result "1-0"]
[WhiteElo "2172"]
[BlackElo "2170"]
[PlyCount "107"]
[EventDate "2006.10.06"]
[EventType "team-tourn"]
[EventRounds "11"]
[EventCountry "AUT"]
[SourceTitle "EXT 2007"]
[Source "ChessBase"]
[SourceDate "2006.11.23"]
[SourceVersion "1"]
[SourceVersionDate "2006.11.23"]
[SourceQuality "1"]
[WhiteTeam "Wieden Aljechin"]
[BlackTeam "Stockerau"]
[WhiteTeamCountry "AUT"]
[BlackTeamCountry "AUT"]

1. c4 b6 2. Nc3 Bb7 3. e4 e6 4. d3 Ne7 5. g3 d5 6. exd5 exd5 7. Bg2 c6 8. cxd5 Nxd5 9. Nxd5 cxd5 10. Ne2 Nd7 11. 0-0 Be7 12. Nf4 Nf6 13. b3 0-0 14. Bb2 Rc8 15. Re1 Bb4 16. Re2 Bc3 17. Bxc3 Rxc3 18. Rc2 Rxc2 19. Qxc2 Qb8 20. Rc1 Rc8 21. Qd2 Rxc1+ 22. Qxc1 Qd6 23. h4 g6 24. Qb2 h5 25. Qd4 Kh7 26. b4 Qe7 27. Kf1 Qd6 28. a3 Bc6 29. Ne2 Kg7 30. Nc3 Kf8 31. Ne4 Nxe4 32. dxe4 Ke7 33. exd5 Bb5+ 34. Ke1 Qf6 35. Qxf6+ Kxf6 36. Kd2 Ke5 37. Ke3 f6 38. f4+ Kf5 39. Bf3 g5 40. fxg5 fxg5 41. Bxh5 gxh4 42. gxh4 Ke5 43. Bf7 Be2 44. Kd2 Bf3 45. Ke3 Be4 46. h5 a5 47. h6 axb4 48. axb4 Bh7 49. Be6 Kf6 50. Kf4 Bd3 51. Bg8 Bb5 52. h7 Kg7 53. Ke5 Be8 54. Ke6 1-0

[Event "Vienna op-A 15th"]
[Site "Vienna"]
[Date "2006.08.06"]
[Round "9"]
[White "Goetz, Alexander"]
[Black "Jethan, Martin"]
[Result "0-1"]
[WhiteElo "2181"]
[BlackElo "2067"]
[PlyCount "68"]
[EventDate "2006.07.29"]
[EventType "swiss"]
[EventRounds "9"]
[EventCountry "AUT"]
[SourceTitle "CBM 113 Extra"]
[Source "ChessBase"]
[SourceDate "2006.09.14"]
[SourceVersion "1"]
[SourceVersionDate "2006.09.14"]
[SourceQuality "1"]

1. c4 Nf6 2. g3 c5 3. Bg2 e6 4. Nf3 Nc6 5. 0-0 Be7 6. Nc3 0-0 7. d4 d5 8. cxd5 exd5 9. Bg5 c4 10. Ne5 Be6 11. b3 cxb3 12. Nxc6 bxc6 13. axb3 h6 14. Bxf6 Bxf6 15. Na4 Bg4 16. Qd3 Qd6 17. Rfc1 h5 18. e3 Rac8 19. Qa6 Rc7 20. Rc5 Be7 21. Rac1 Rfc8 22. Qa5 Qd7 23. R5c3 h4 24. Bxd5 Bb4 25. Bxf7+ Qxf7 26. Qxb4 Qf3 27. Qc4+ Rf7 28. Qf1 Rcf8 29. Rxc6 Rf5 30. Rc8 Rxc8 31. Rxc8+ Kh7 32. Rc5 Rf6 33. Nb2 Bh3 34. Rh5+ Kg6 0-1

[Event "Vienna op-A 15th"]
[Site "Vienna"]
[Date "2006.08.05"]
[Round "8"]
[White "Bensch, Patrick"]
[Black "Goetz, Alexander"]
[Result "1-0"]
[WhiteElo "2225"]
[BlackElo "2181"]
[PlyCount "61"]
[EventDate "2006.07.29"]
[EventType "swiss"]
[EventRounds "9"]
[EventCountry "AUT"]
[SourceTitle "CBM 113 Extra"]
[Source "ChessBase"]
[SourceDate "2006.09.14"]
[SourceVersion "1"]
[SourceVersionDate "2006.09.14"]
[SourceQuality "1"]

1. e4 c5 2. Nf3 Nc6 3. d4 cxd4 4. Nxd4 Nf6 5. Nc3 e5 6. Ndb5 d6 7. Bg5 a6 8. Na3 b5 9. Bxf6 gxf6 10. Nd5 f5 11. c3 Bg7 12. exf5 Bxf5 13. Nc2 Be6 14. Nce3 0-0 15. Bd3 f5 16. Qh5 e4 17. Bc2 Ne7 18. Rd1 b4 19. cxb4 Nxd5 20. Nxd5 Rb8 21. 0-0 Rb5 22. Bb3 f4 23. a4 Rxb4 24. Nxb4 Bxb3 25. Qe2 d5 26. Qxa6 d4 27. Qb7 e3 28. Nc6 Bxd1 29. Nxd8 Rxd8 30. Qe7 Rf8 31. Rxd1 1-0

[Event "Vienna op-A 15th"]
[Site "Vienna"]
[Date "2006.08.02"]
[Round "5"]
[White "Goetz, Alexander"]
[Black "Brandner, Stefan"]
[Result "0-1"]
[WhiteElo "2181"]
[BlackElo "2341"]
[PlyCount "52"]
[EventDate "2006.07.29"]
[EventType "swiss"]
[EventRounds "9"]
[EventCountry "AUT"]
[SourceTitle "CBM 113 Extra"]
[Source "ChessBase"]
[SourceDate "2006.09.14"]
[SourceVersion "1"]
[SourceVersionDate "2006.09.14"]
[SourceQuality "1"]

1. c4 e5 2. g3 c6 3. Bg2 Nf6 4. d4 exd4 5. Qxd4 d5 6. cxd5 cxd5 7. Nf3 Nc6 8. Qa4 Bc5 9. 0-0 0-0 10. Bg5 h6 11. Bxf6 Qxf6 12. Nc3 Be6 13. Rfd1 Rad8 14. Rac1 a6 15. e3 Ba7 16. b3 d4 17. Ne4 Qe7 18. Nxd4 Nxd4 19. exd4 Bd5 20. Nc5 Bxg2 21. Kxg2 Rd5 22. Re1 Qg5 23. Rc2 Kh7 24. Qb4 Qf5 25. Rce2 b5 26. Re5 Bxc5 0-1

[Event "Vienna op-A 15th"]
[Site "Vienna"]
[Date "2006.07.30"]
[Round "2"]
[White "Goetz, Alexander"]
[Black "Lujan, Carolina"]
[Result "1/2-1/2"]
[WhiteElo "2181"]
[BlackElo "2380"]
[PlyCount "61"]
[EventDate "2006.07.29"]
[EventType "swiss"]
[EventRounds "9"]
[EventCountry "AUT"]
[SourceTitle "CBM 113 Extra"]
[Source "ChessBase"]
[SourceDate "2006.09.14"]
[SourceVersion "1"]
[SourceVersionDate "2006.09.14"]
[SourceQuality "1"]

1. c4 Nf6 2. g3 c6 3. Bg2 d5 4. Nf3 g6 5. b3 Bg7 6. Bb2 Qb6 7. cxd5 Ne4 8. d4 cxd5 9. 0-0 Nc6 10. Nc3 Nxc3 11. Bxc3 0-0 12. Ne5 Bf5 13. Qd2 Rfd8 14. Nxc6 Qxc6 15. Rac1 Qe6 16. Ba5 b6 17. Bb4 Rac8 18. e3 h5 19. h4 Bf6 20. Rxc8 Rxc8 21. Rc1 Re8 22. Qc3 g5 23. hxg5 Bxg5 24. Qc6 Qxc6 25. Rxc6 e6 26. Bd6 Bb1 27. a3 Rd8 28. Be5 Be7 29. Rc7 Bxa3 30. Rxa7 Bd6 31. Rb7 1/2-1/2

[Event "Voesendorf op"]
[Site "Voesendorf"]
[Date "2006.06.16"]
[Round "3.14"]
[White "Goetz, Alexander"]
[Black "Somasundram, Jayakumar"]
[Result "1-0"]
[WhiteElo "2205"]
[BlackElo "1977"]
[PlyCount "71"]
[EventDate "2006.06.15"]
[EventType "swiss"]
[EventRounds "5"]
[EventCountry "AUT"]
[SourceTitle "CBM 112 Extra"]
[Source "ChessBase"]
[SourceDate "2006.07.14"]
[SourceVersion "1"]
[SourceVersionDate "2006.07.14"]
[SourceQuality "1"]

1. c4 c5 2. g3 Nc6 3. Bg2 g6 4. Nc3 Bg7 5. Nf3 Nd4 6. Ng1 Nh6 7. e3 Nc6 8. Nge2 Nf5 9. a3 0-0 10. Rb1 d6 11. b4 cxb4 12. axb4 a5 13. bxa5 Nxa5 14. d3 Bd7 15. 0-0 Bc6 16. e4 Nd4 17. Be3 Nxe2+ 18. Nxe2 Qd7 19. Rb6 f5 20. Bh3 e5 21. Nc3 Qc7 22. exf5 gxf5 23. Rb1 e4 24. Bb6 Qf7 25. Nb5 exd3 26. Nxd6 Qg6 27. Qxd3 Qh5 28. Bxf5 Be5 29. Be6+ Kh8 30. Bd4 Kg7 31. Nf5+ Rxf5 32. Bxf5 Bf6 33. Be4 Qf7 34. Bxc6 Nxc6 35. Bxf6+ Kxf6 36. Qf3+ 1-0

[Event "AUT-chT2O 0405"]
[Site "Austria"]
[Date "2005.04.09"]
[Round "10.6"]
[White "Kocsisek, Marcus"]
[Black "Goetz, Alexander"]
[Result "0-1"]
[WhiteElo "2220"]
[BlackElo "2189"]
[PlyCount "54"]
[EventDate "2004.10.09"]
[EventType "team-tourn"]
[EventRounds "11"]
[EventCountry "AUT"]
[SourceTitle "EXT 2005"]
[Source "ChessBase"]
[SourceDate "2004.11.15"]
[SourceVersion "1"]
[SourceVersionDate "2004.11.15"]
[SourceQuality "1"]
[WhiteTeam "Lackenbach"]
[BlackTeam "Wieden Aljechin"]
[WhiteTeamCountry "AUT"]
[BlackTeamCountry "AUT"]

1. d4 Nf6 2. Nf3 g6 3. e3 Bg7 4. Bd3 0-0 5. 0-0 d6 6. Nbd2 Nbd7 7. c3 e5 8. e4 b6 9. Re1 Bb7 10. Nc4 exd4 11. cxd4 Nxe4 12. Rxe4 d5 13. Re3 dxc4 14. Bxc4 Bxf3 15. Rxf3 Ne5 16. Rc3 c5 17. d5 Nc6 18. Rg3 Nd4 19. Bg5 Qd6 20. a4 a6 21. Re3 Rfe8 22. Qd3 Be5 23. g3 b5 24. axb5 axb5 25. Rxa8 Rxa8 26. Qe4 bxc4 27. f4 Bf6 0-1

[Event "AUT-chT2O 0405"]
[Site "Austria"]
[Date "2005.02.27"]
[Round "9.6"]
[White "Goetz, Alexander"]
[Black "Ragger, Anna Christina"]
[Result "0-1"]
[WhiteElo "2189"]
[BlackElo "2114"]
[PlyCount "86"]
[EventDate "2004.10.09"]
[EventType "team-tourn"]
[EventRounds "11"]
[EventCountry "AUT"]
[SourceTitle "EXT 2005"]
[Source "ChessBase"]
[SourceDate "2004.11.15"]
[SourceVersion "1"]
[SourceVersionDate "2004.11.15"]
[SourceQuality "1"]
[WhiteTeam "Wieden Aljechin"]
[BlackTeam "Neustaed SV"]
[WhiteTeamCountry "AUT"]
[BlackTeamCountry "AUT"]

1. c4 e5 2. g3 Nc6 3. Bg2 g6 4. Nc3 Bg7 5. e4 d6 6. Nge2 Be6 7. Nd5 Qd7 8. 0-0 Nd8 9. d4 c6 10. Ne3 Bh3 11. f4 Bxg2 12. Kxg2 exd4 13. Nxd4 Ne6 14. Nf3 0-0-0 15. Qc2 Nc5 16. Rd1 Qe7 17. e5 dxe5 18. Rxd8+ Qxd8 19. fxe5 Qd3 20. Bd2 Qxc2 21. Nxc2 Nh6 22. b4 Nd3 23. Rf1 Re8 24. Be3 Nxe5 25. Nxe5 Rxe5 26. Bxa7 Re4 27. Rf4 Rxf4 28. gxf4 Nf5 29. Kf3 Kd7 30. Bf2 b5 31. cxb5 cxb5 32. Ke4 Kc6 33. Nd4+ Nxd4 34. Bxd4 Bf8 35. Bc3 f5+ 36. Kd3 Kd5 37. Be1 Be7 38. a3 Bf6 39. Bc3 Bxc3 40. Kxc3 Ke4 41. a4 bxa4 42. b5 Kd5 43. Kb4 g5 0-1

[Event "AUT-chT2O 0405"]
[Site "Austria"]
[Date "2004.11.20"]
[Round "3.6"]
[White "Goetz, Alexander"]
[Black "Wandl, Werner"]
[Result "1-0"]
[WhiteElo "2189"]
[BlackElo "2128"]
[PlyCount "81"]
[EventDate "2004.10.09"]
[EventType "team-tourn"]
[EventRounds "11"]
[EventCountry "AUT"]
[SourceTitle "EXT 2005"]
[Source "ChessBase"]
[SourceDate "2004.11.15"]
[SourceVersion "1"]
[SourceVersionDate "2004.11.15"]
[SourceQuality "1"]
[WhiteTeam "Wieden Aljechin"]
[BlackTeam "Eichgraben/Pressbaum"]
[WhiteTeamCountry "AUT"]
[BlackTeamCountry "AUT"]

1. c4 e5 2. g3 g6 3. Bg2 Bg7 4. Nc3 d6 5. e3 Nc6 6. Nge2 Be6 7. d3 Qd7 8. Rb1 Bh3 9. 0-0 h5 10. Bxh3 Qxh3 11. f3 Nge7 12. b4 0-0 13. b5 Nd8 14. Nd5 Qd7 15. Qb3 Ne6 16. Bd2 Nf5 17. Nec3 c6 18. Nb4 Nc5 19. Qa3 a5 20. bxa6 Nxa6 21. Nxa6 Rxa6 22. Qb3 Rb8 23. a4 Bh6 24. Ne4 Kg7 25. f4 b6 26. Bc3 f6 27. c5 Nxe3 28. fxe5 Nxf1 29. e6 Nd2 30. Bxf6+ Kh7 31. Nxd2 Qa7 32. e7 d5 33. Nf3 Be3+ 34. Kg2 Bxc5 35. Ng5+ Kg8 36. Rc1 Re8 37. d4 Rxe7 38. Bxe7 Bxe7 39. Qd3 Kg7 40. Ne6+ Kf7 41. Nf4 1-0